[Event "ICS Rated blitz match"]
[Site "204.178.125.65"]
[Date "1999.08.25"]
[Round "?"]
[White "Hossa"]
[Black "paws"]
[Result "1-0"]
[WhiteElo "2380"]
[BlackElo "2146"]
[PlyCount "123"]

1. d4 Nf6 2. c4 e6 3. Nc3 d5 4. Bf4 c6 5. e3 Be7 6. Bd3 a6 7. Nf3 dxc4 8. Bxc4
b5 9. Bb3 c5 10. Ne5 Bb7 11. O-O cxd4 12. exd4 Nc6 13. Be3 O-O 14. Rc1 Nb4 15.
Qe2 Rc8 16. Rfd1 Nbd5 17. Nxd5 Nxd5 18. Qg4 Bf6 19. Rxc8 Qxc8 20. Bh6 Qc7 21.
Rc1 Qd6 22. Re1 Ne7 23. Bd2 Ng6 24. Nxg6 hxg6 25. d5 exd5 26. Bb4 Bc8 27. Bxd6
Bxg4 28. Bxf8 Kxf8 29. Bxd5 Bxb2 30. Bb7 a5 31. Rb1 Bc3 32. Rxb5 Be6 33. Bd5
Bf5 34. Rb8+ Ke7 35. Rb7+ Kd6 36. Bxf7 Kc6 37. Rb8 Kc5 38. a4 Bb4 39. f4 Bc2
40. Rc8+ Kd4 41. Rxc2 Ke3 42. Rc4 Kd3 43. Rxb4 axb4 44. a5 Ke4 45. g3 Kf5 46.
h4 Kf6 47. Bc4 Kf5 48. Bd5 Kg4 49. Kf2 Kf5 50. a6 b3 51. Bxb3 Ke4 52. a7 Kd3
53. Bf7 Kd4 54. h5 gxh5 55. f5 Ke5 56. Bg6 Kf6 57. Ke3 Kg5 58. Kf3 h4 59. gxh4+
Kxh4 60. a8=Q Kg5 61. Qd8+ Kh6 62. Qd2# {paws checkmated} 1-0

[Event "ICS Rated blitz match"]
[Site "204.178.125.65"]
[Date "1999.08.25"]
[Round "?"]
[White "JudgeTurpin"]
[Black "Hossa"]
[Result "1-0"]
[WhiteElo "2551"]
[BlackElo "2385"]
[PlyCount "102"]

1. d4 Nf6 2. c4 g6 3. Nc3 c5 4. d5 Bg7 5. e4 O-O 6. Nf3 d6 7. Be2 e5 8. Bg5 h6
9. Bh4 Bg4 10. Qb3 Qe7 11. h3 Bxf3 12. Bxf3 Nbd7 13. Qxb7 Rfb8 14. Qc6 Rc8 15.
Qa6 Rcb8 16. Nb5 Rb6 17. Qa5 a6 18. b3 g5 19. Bg3 Nxd5 20. h4 Nb4 21. Nc7 Ra7
22. Nd5 Nxd5 23. cxd5 f5 24. hxg5 fxe4 25. Bg4 Rb5 26. Be6+ Kf8 27. Qa4 Rb4 28.
Qc6 hxg5 29. Qc8+ Qe8 30. Bxd7 Rxd7 31. Qxa6 Rd4 32. Rd1 Qb8 33. Rxd4 cxd4 34.
Qe2 Qb4+ 35. Qd2 Qxd2+ 36. Kxd2 Ra7 37. a4 Rc7 38. b4 Rc4 39. Rb1 d3 40. Ke1
Rd4 41. a5 Rc4 42. b5 Ra4 43. b6 d2+ 44. Kd1 Rxa5 45. b7 Kg8 46. b8=Q+ Bf8 47.
Qd8 Ra7 48. Rb8 Rf7 49. Qxd6 Kh7 50. Qe6 Rxf2 51. Bxf2 51... Kg7 {Hossa resigns
} 1-0

[Event "ICS Rated blitz match"]
[Site "204.178.125.65"]
[Date "1999.08.25"]
[Round "?"]
[White "Hossa"]
[Black "Zippy"]
[Result "0-1"]
[WhiteElo "2376"]
[BlackElo "2245"]
[PlyCount "126"]

1. d4 Nf6 2. c4 g6 3. Nc3 d5 4. cxd5 Nxd5 5. e4 Nxc3 6. bxc3 e5 7. Bb5+ c6 8.
Bc4 exd4 9. Qxd4 Qxd4 10. cxd4 b5 11. Bd3 Bb4+ 12. Bd2 Bxd2+ 13. Kxd2 O-O 14.
Nf3 Nd7 15. h4 Nf6 16. Rac1 Bb7 17. Ne5 c5 18. Rxc5 Bxe4 19. f3 Bxd3 20. Kxd3
a6 21. Rhc1 Rad8 22. Ng4 Nh5 23. R1c2 f5 24. Nh2 Nf4+ 25. Ke3 Ne6 26. Re5 f4+
27. Kf2 Nxd4 28. Rb2 Nf5 29. Re6 Ne3 30. Re2 Rd1 31. g3 Nf5 32. g4 Nxh4 33. g5
Rd5 34. R6e5 Rxe5 35. Rxe5 Rc8 36. Ng4 Rc3 37. Nf6+ Kg7 38. Re7+ Kf8 39. Re8+
Kf7 40. Re7+ Kxe7 41. Nd5+ Ke6 42. Nxc3 Nf5 43. Ne2 Ke5 44. Nc1 Nd6 45. Nd3+
Kf5 46. Nc5 a5 47. Nb3 a4 48. Nc5 Kxg5 49. Ne6+ Kf5 50. Nd4+ Kf6 51. Nc2 h5 52.
Kg2 g5 53. Kh3 Ke5 54. Na3 Kd4 55. Nb1 Nc4 56. Kg2 Kd3 57. Kf2 Kc2 58. Ke2 b4
59. a3 b3 60. Nd2 Nxd2 61. Kf2 b2 62. Kg2 b1=Q 63. Kf2 63... Qf1# {
Hossa checkmated} 0-1

[Event "ICS Rated blitz match"]
[Site "204.178.125.65"]
[Date "1999.08.25"]
[Round "?"]
[White "Hossa"]
[Black "PostModernist"]
[Result "0-1"]
[WhiteElo "2354"]
[BlackElo "2494"]
[PlyCount "91"]

1. d4 d5 2. c4 c6 3. Nc3 Nf6 4. cxd5 cxd5 5. f3 e6 6. Bg5 Bb4 7. Rc1 Nc6 8. e3
O-O 9. Bb5 a6 10. Bxc6 bxc6 11. Nge2 Rb8 12. b3 Ba3 13. Rc2 Bb7 14. e4 Be7 15.
Qd2 dxe4 16. fxe4 h6 17. Bf4 Rc8 18. Be5 c5 19. d5 exd5 20. Bxf6 Bxf6 21. exd5
c4 22. O-O cxb3 23. Rb2 Rc5 24. Qe3 Rb5 25. Rd2 Re8 26. Qd3 Qb6+ 27. Kh1 Re3
28. Qf5 Bxc3 29. Qxf7+ Kh7 30. Nxc3 Rxc3 31. axb3 Qd6 32. Qf5+ Kh8 33. Qe6 Qxe6
34. dxe6 Re3 35. Rd8+ Kh7 36. e7 Rxe7 37. Rd3 Re2 38. Rg3 Bd5 39. h3 Rxb3 40.
Rxb3 Bxb3 41. Rf5 Bc2 42. Rf4 Be4 43. h4 Bxg2+ 44. Kg1 Re4 45. Rf7 Rg4 46. Kf2
{Hossa resigns} 0-1

[Event "ICS rated blitz match"]
[Site "204.178.125.65"]
[Date "1999.08.25"]
[Round "?"]
[White "MissSilicon"]
[Black "Hossa"]
[Result "1-0"]
[WhiteElo "2711"]
[BlackElo "2344"]
[PlyCount "48"]

1. e4 e5 2. f4 exf4 3. Nf3 Be7 4. Nc3 Bh4+ 5. Ke2 c6 6. d4 d5 7. Bxf4 Bg4 8.
exd5 cxd5 9. Nb5 Na6 10. h3 Bxf3+ 11. Kxf3 Be7 12. Qe2 Kd7 13. Qe5 Nf6 14. Re1
Bf8 15. Nxa7 Qe7 16. Qf5+ Qe6 17. Bb5+ Ke7 18. Rxe6+ fxe6 19. Re1 Ne4 20. Bg5+
Nxg5+ 21. Qxg5+ Kf7 22. Qe5 Nc7 23. Qxc7+ Be7 24. Rf1 24... Rxa7 {Hossa resigns
} 1-0

[Event "ICS rated blitz match"]
[Site "204.178.125.65"]
[Date "1999.08.25"]
[Round "?"]
[White "Hossa"]
[Black "Biblos"]
[Result "1-0"]
[WhiteElo "2341"]
[BlackElo "2303"]
[PlyCount "47"]

1. d4 Nf6 2. c4 g6 3. Nc3 Bg7 4. e4 d6 5. f3 O-O 6. Be3 b6 7. h4 h5 8. Be2 c5
9. d5 Nbd7 10. Qd2 Ne5 11. Bh6 Ba6 12. b3 e6 13. Bxg7 Kxg7 14. Nh3 exd5 15.
cxd5 Bxe2 16. Nxe2 b5 17. O-O a5 18. Nf2 Qb6 19. a4 Rfb8 20. Rfb1 b4 21. Qg5 c4
22. bxc4 Nxc4 23. Ng3 Qe3 24. Nf5+ {Biblos resigns} 1-0

[Event "ICS Rated blitz match"]
[Site "204.178.125.65"]
[Date "1999.08.25"]
[Round "?"]
[White "StrongBach"]
[Black "Hossa"]
[Result "0-1"]
[WhiteElo "1785"]
[BlackElo "2355"]
[PlyCount "68"]

1. d4 Nf6 2. Bf4 e6 3. Nd2 Nh5 4. Be3 d5 5. Ndf3 Nd7 6. Nd2 Be7 7. Ngf3 O-O 8.
g4 Nhf6 9. g5 Nh5 10. a4 c5 11. Rg1 Qb6 12. b3 Qb4 13. Qc1 Qc3 14. dxc5 Bxc5
15. Bxc5 Nxc5 16. e3 Ne4 17. Bb5 e5 18. Bd3 Bf5 19. Qb1 Rac8 20. Rg2 Bh3 21.
Rg1 Rfd8 22. Qa2 Rc7 23. a5 Rc5 24. Qa3 Nxd2 25. Nxd2 Rc7 26. Be2 d4 27. e4 Nf4
28. Rc1 Nxe2 29. Kxe2 d3+ 30. Ke1 dxc2 31. Rxc2 Qxc2 32. Qb4 Qd3 33. Qc3 Rxc3
34. Nc4 34... Rc1# {StrongBach checkmated} 0-1

[Event "ICS Rated blitz match"]
[Site "204.178.125.65"]
[Date "1999.08.25"]
[Round "?"]
[White "Hossa"]
[Black "PostModernist"]
[Result "0-1"]
[WhiteElo "2356"]
[BlackElo "2500"]
[PlyCount "89"]

1. d4 Nf6 2. c4 c5 3. d5 d6 4. Nc3 g6 5. e4 Bg7 6. Bd3 O-O 7. Nge2 e5 8. f3 a6
9. Bg5 Nbd7 10. O-O b6 11. Qd2 Ra7 12. Bh6 Bb7 13. Bc2 Bxh6 14. Qxh6 Re8 15.
Ba4 Qe7 16. Qh3 Bc8 17. b3 Nh5 18. f4 exf4 19. Nxf4 Nhf6 20. Bxd7 Bxd7 21. Qf3
Nxe4 22. Rae1 f5 23. a4 Qe5 24. Nb1 b5 25. axb5 Qd4+ 26. Kh1 axb5 27. Ne2 Qb2
28. Kg1 b4 29. Nf4 Ra2 30. Re2 Ng5 31. Rxe8+ Bxe8 32. Qd3 Ne4 33. h4 h6 34. Qh3
Ra1 35. Qd3 g5 36. hxg5 hxg5 37. Nh3 Ra2 38. Nf2 g4 39. Nd2 Qxd2 40. Qxd2 Nxd2
41. Re1 Bf7 42. Nd1 Ra1 43. Kf2 Nxb3 44. Ne3 g3+ 45. Kf1 {Hossa resigns} 0-1

[Event "ICS Rated blitz match"]
[Site "204.178.125.65"]
[Date "1999.08.25"]
[Round "?"]
[White "MissSilicon"]
[Black "Hossa"]
[Result "1-0"]
[WhiteElo "2704"]
[BlackElo "2346"]
[PlyCount "87"]

1. c4 e6 2. Nf3 d5 3. g3 dxc4 4. Qa4+ Nc6 5. Bg2 Qd7 6. Qxc4 e5 7. O-O Be7 8.
b4 Bf6 9. b5 Nd4 10. Nc3 Ne7 11. Nxd4 exd4 12. Ne4 a6 13. bxa6 Rxa6 14. Nc5 Rc6
15. d3 Qd6 16. Bxc6+ Qxc6 17. Ne4 Qxc4 18. Nxf6+ gxf6 19. dxc4 Be6 20. Rb1 b6
21. Rb4 Nc6 22. Ra4 Kd7 23. Rd1 Bf5 24. Rd2 Ke6 25. Ba3 h5 26. c5 b5 27. Ra6
Kd5 28. f3 Bd7 29. Bb2 Re8 30. e4+ Kc4 31. Rd1 f5 32. Rc1+ Kd3 33. Ra3+ Kd2 34.
Rf1 fxe4 35. Rf2+ Kd1 36. fxe4 Rxe4 37. Rd3+ Ke1 38. Bc1 Ne5 39. Rf1+ Ke2 40.
Rd2+ Ke3 41. Re1+ Kf3 42. Rf2+ Kg4 43. Rxe4+ Kh3 44. Rh4# {Hossa checkmated}
1-0

[Event "ICS Rated blitz match"]
[Site "204.178.125.65"]
[Date "1999.08.25"]
[Round "?"]
[White "Hossa"]
[Black "MissSilicon"]
[Result "1/2-1/2"]
[WhiteElo "2342"]
[BlackElo "2708"]
[PlyCount "155"]

1. d4 Nf6 2. c4 e5 3. dxe5 Ng4 4. Bf4 Nc6 5. Nf3 Bb4+ 6. Nc3 Qe7 7. Rc1 Qc5 8.
e3 Ncxe5 9. Nxe5 Nxe5 10. Bxe5 Qxe5 11. Bd3 O-O 12. a3 Bd6 13. Qc2 f5 14. g4 f4
15. Bxh7+ Kh8 16. Nd1 Qa5+ 17. Ke2 f3+ 18. Kf1 Be5 19. Bg6 d5 20. cxd5 Qxd5 21.
Qc5 Be6 22. Qxd5 Bxd5 23. Nc3 Be6 24. h3 Rad8 25. Ke1 Bf6 26. g5 Bxg5 27. Ne4
Bf6 28. Nxf6 Rxf6 29. Rg1 c6 30. Rg3 Bb3 31. Bc2 Bd5 32. Rd1 Rdd6 33. Rd4 c5
34. Rh4+ Kg8 35. e4 Bf7 36. Rhg4 Rg6 37. Rxg6 Rxg6 38. Rxf3 Rb6 39. b3 Ra6 40.
a4 Rh6 41. Rc3 b6 42. f4 Rh4 43. f5 Kf8 44. Kd2 g6 45. f6 Rf4 46. e5 Rf2+ 47.
Ke3 Rh2 48. Kf4 Rf2+ 49. Kg5 Re2 50. Kh6 Rxe5 51. Bxg6 Re6 52. Rf3 Rc6 53. Kg5
Rd6 54. h4 Rd5+ 55. Kh6 Rd6 56. Bxf7 Kxf7 57. Rh3 Kxf6 58. Rf3+ Ke5+ 59. Kg5
Rd7 60. h5 Ke4 61. Rf4+ Kd3 62. h6 Kc2 63. Kg6 Rd6+ 64. Rf6 Rd8 65. h7 Kxb3 66.
Kg7 c4 67. Rf8 Rd7+ 68. Rf7 Rd8 69. Rxa7 c3 70. h8=Q Rxh8 71. Kxh8 c2 72. Rc7
Kb2 73. a5 bxa5 74. Rb7+ Kc3 75. Rc7+ Kb2 76. Rb7+ Kc3 77. Rc7+ Kb2 78. Rb7+ {
Game drawn by repetition} 1/2-1/2

[Event "ICS Rated blitz match"]
[Site "204.178.125.65"]
[Date "1999.08.25"]
[Round "?"]
[White "MissSilicon"]
[Black "Hossa"]
[Result "1-0"]
[WhiteElo "2695"]
[BlackElo "2355"]
[PlyCount "74"]

1. c4 e6 2. Nf3 d5 3. g3 Bb4 4. a3 Bd6 5. cxd5 exd5 6. Nc3 Ne7 7. Qb3 c6 8. Bg2
O-O 9. d4 Re8 10. O-O b6 11. e4 Bc7 12. Re1 Bb7 13. exd5 Nxd5 14. Bg5 Ne7 15.
Ne5 Bxe5 16. dxe5 Qc7 17. e6 f6 18. Bf4 Qc8 19. Ne4 Nf5 20. e7+ Kh8 21. Bh3
Rxe7 22. Bxf5 Qg8 23. Qxg8+ Kxg8 24. Nd6 Rxe1+ 25. Rxe1 Na6 26. Be6+ Kh8 27.
Nf7+ Kg8 28. Nd8+ Kh8 29. Bc8 g5 30. Re8+ Kg7 31. Bxb7 Rxd8 32. Rxd8 Nc5 33.
Bd6 Ne6 34. Rc8 c5 35. Bd5 Kg6 36. Bxe6 f5 37. Be5 37... a5 {Hossa resigns} 1-0

[Event "ICS Rated blitz match"]
[Site "204.178.125.65"]
[Date "1999.08.25"]
[Round "?"]
[White "Hossa"]
[Black "Yaros"]
[Result "1-0"]
[WhiteElo "2351"]
[BlackElo "2166"]
[PlyCount "63"]

1. d4 d6 2. Nf3 g6 3. e4 Bg7 4. Bb5+ c6 5. Bd3 Nd7 6. Bg5 Qc7 7. O-O e5 8. dxe5
dxe5 9. Nc3 Nc5 10. Qd2 Nxd3 11. Qxd3 Ne7 12. Qe3 O-O 13. Bh6 Rd8 14. Bxg7 Kxg7
15. Qc5 f6 16. Rad1 Be6 17. Nb5 Qd7 18. Rxd7 Rxd7 19. Nxe5 fxe5 20. Qxe5+ Kf7
21. Nc7 Rxc7 22. Qxc7 b6 23. Rd1 Rc8 24. Qxa7 b5 25. f4 Re8 26. Rd6 Rc8 27. a3
c5 28. Rb6 Bc4 29. Rb7 Re8 30. Qxc5 h5 31. f5 g5 32. e5 {Yaros resigns} 1-0

[Event "ICS Rated blitz match"]
[Site "204.178.125.65"]
[Date "1999.08.25"]
[Round "?"]
[White "Yaros"]
[Black "Hossa"]
[Result "0-1"]
[WhiteElo "2110"]
[BlackElo "2352"]
[PlyCount "64"]

1. d4 Nf6 2. c4 e6 3. Nf3 Bb4+ 4. Bd2 Qe7 5. g3 d5 6. cxd5 exd5 7. Bg2 Ne4 8.
O-O O-O 9. a3 Bd6 10. Nc3 Nxc3 11. Bxc3 c6 12. Nd2 Bg4 13. Re1 f5 14. Nf3 f4
15. Ne5 Be6 16. e4 fxe3 17. Rxe3 Bxe5 18. Rxe5 Nd7 19. Bb4 Qf7 20. Re2 Rfe8 21.
Qf1 Bg4 22. f3 Rxe2 23. Qxe2 Re8 24. Qd2 Bxf3 25. Rf1 Re2 26. Rxf3 Rxd2 27.
Rxf7 Rxg2+ 28. Kxg2 Kxf7 29. Kf3 b6 30. Bd6 c5 31. Ke3 Ke6 32. Bf8 32... Nxf8 {
Yaros resigns} 0-1

[Event "ICS Unrated blitz match"]
[Site "204.178.125.65"]
[Date "1999.08.25"]
[Round "?"]
[White "Hossa"]
[Black "Diepeveen"]
[Result "1-0"]
[WhiteElo "2353"]
[BlackElo "2463"]
[PlyCount "68"]

1. e4 c6 2. d4 d5 3. exd5 cxd5 4. c4 Nf6 5. Nf3 e6 6. Nc3 Bb4 7. Bg5 Qa5 8. Qc2
Ne4 9. Bd2 Nxd2 10. Qxd2 Nc6 11. Bd3 dxc4 12. Bxc4 b6 13. O-O Bb7 14. Rfe1 O-O
15. Bd3 Rad8 16. a3 Be7 17. g4 Rfe8 18. b4 Bxb4 19. axb4 Qxb4 20. Ra4 Qd6 21.
Ng5 h6 22. Bh7+ Kf8 23. Nge4 Qd7 24. Qe3 Nxd4 25. Rxa7 Nc2 26. Qxb6 Nxe1 27.
Rxb7 Qd4 28. Qc7 Nf3+ 29. Kh1 Ne5 30. f4 Qe3 31. Qxe5 Qf3+ 32. Kg1 Rd1+ 33.
Nxd1 Qxd1+ 34. Kg2 34... Qxg4+ {Diepeveen resigns} 1-0

[Event "ICS Rated blitz match"]
[Site "204.178.125.65"]
[Date "1999.08.25"]
[Round "?"]
[White "Panthee"]
[Black "Hossa"]
[Result "0-1"]
[WhiteElo "2252"]
[BlackElo "2353"]
[PlyCount "60"]

1. e4 d5 2. exd5 Qxd5 3. Nc3 Qa5 4. d4 c6 5. Nf3 Nf6 6. Bc4 Bg4 7. h3 Bxf3 8.
Qxf3 Nbd7 9. Bd2 Qb6 10. O-O-O e6 11. Be3 Qd8 12. Rhe1 Nb6 13. Bb3 Bb4 14. d5
Nbxd5 15. Nxd5 cxd5 16. Bd2 Bxd2+ 17. Rxd2 O-O 18. g4 Ne4 19. Rxe4 dxe4 20.
Rxd8 exf3 21. Rd3 Rfd8 22. Rxf3 Rd4 23. Re3 Rad8 24. c3 Rd2 25. f4 R2d3 26. Re2
Rxh3 27. f5 exf5 28. gxf5 Rh1+ 29. Kc2 Rhd1 30. Re7 30... R8d2# {
Panthee checkmated} 0-1

[Event "ICS Rated blitz match"]
[Site "204.178.125.65"]
[Date "1999.08.25"]
[Round "?"]
[White "Hossa"]
[Black "Panthee"]
[Result "1-0"]
[WhiteElo "2364"]
[BlackElo "2241"]
[PlyCount "92"]

1. d4 Nf6 2. c4 e6 3. Nc3 Bb4 4. Qc2 O-O 5. Bg5 c5 6. e3 h6 7. Bxf6 Qxf6 8. Nf3
Nc6 9. a3 Bxc3+ 10. bxc3 d6 11. Bd3 e5 12. d5 Na5 13. O-O b6 14. Nd2 Ba6 15. f3
Qd8 16. e4 Qe8 17. f4 f6 18. fxe5 fxe5 19. Rxf8+ Qxf8 20. Rf1 Qe7 21. Qd1 Rf8
22. Qh5 Rxf1+ 23. Bxf1 Qf7 24. Qh4 Qf6 25. Qxf6 gxf6 26. Be2 Kg7 27. g4 Kg6 28.
h4 Bc8 29. Kf2 Bd7 30. Bd1 Be8 31. Bc2 h5 32. Bd1 Kh6 33. gxh5 Bxh5 34. Bxh5
Kxh5 35. Kg3 a6 36. a4 Nb7 37. Nf1 Na5 38. Ne3 Nb7 39. Nf5 Kg6 40. Ne7+ Kf7 41.
Nc8 b5 42. cxb5 axb5 43. axb5 Ke8 44. Kg4 Kd7 45. Nb6+ Ke7 46. h5 46... Na5 {
Panthee resigns} 1-0

[Event "ICS Rated blitz match"]
[Site "204.178.125.65"]
[Date "1999.08.25"]
[Round "?"]
[White "Panthee"]
[Black "Hossa"]
[Result "0-1"]
[WhiteElo "2230"]
[BlackElo "2375"]
[PlyCount "54"]

1. e4 d5 2. exd5 Qxd5 3. Nc3 Qa5 4. Nf3 Nf6 5. d4 Bf5 6. Bc4 e6 7. O-O Nbd7 8.
Bd2 Qb6 9. Bb3 Bg4 10. Be3 Qa5 11. h3 Bh5 12. g4 Nxg4 13. hxg4 Bxg4 14. d5 Ne5
15. Nxe5 Bxd1 16. Raxd1 Rd8 17. f4 Bc5 18. Bxc5 Qxc5+ 19. Kg2 Qe7 20. dxe6 fxe6
21. Rxd8+ Qxd8 22. Rd1 Qf6 23. Kg3 g5 24. Nd3 gxf4+ 25. Nxf4 Rg8+ 26. Kf3 Rf8
27. Nce2 27... e5 {Panthee resigns} 0-1

[Event "ICS Rated blitz match"]
[Site "204.178.125.65"]
[Date "1999.08.25"]
[Round "?"]
[White "Hossa"]
[Black "Panthee"]
[Result "1-0"]
[WhiteElo "2385"]
[BlackElo "2220"]
[PlyCount "25"]

1. d4 Nf6 2. c4 e6 3. Nc3 Bb4 4. Bg5 c5 5. d5 Nxd5 6. Bxd8 Nxc3 7. Qb3 Ne4+ 8.
Kd1 Nxf2+ 9. Kc1 Kxd8 10. Qg3 Nxh1 11. Qxg7 Re8 12. g3 Nf2 13. Qf6+ {
Panthee resigns} 1-0

[Event "ICS Rated blitz match"]
[Site "204.178.125.65"]
[Date "1999.08.25"]
[Round "?"]
[White "Panthee"]
[Black "Hossa"]
[Result "0-1"]
[WhiteElo "2211"]
[BlackElo "2394"]
[PlyCount "51"]

1. e4 d5 2. exd5 Qxd5 3. Nc3 Qa5 4. d4 c6 5. Nf3 Nf6 6. Bc4 Bg4 7. h3 Bxf3 8.
Qxf3 Nbd7 9. O-O Qb4 10. Bb3 e6 11. Be3 Qe7 12. Rad1 Qd8 13. Bg5 Be7 14. Rfe1
O-O 15. Qg3 Nh5 16. Bxe7 Qxe7 17. Qc7 Rab8 18. d5 cxd5 19. Nxd5 Qd8 20. Ne7+
Qxe7 21. Rxd7 Qb4 22. c3 Qf4 23. Qxf4 Nxf4 24. Re4 g5 25. g3 Ng6 26. Rc4 {
Panthee resigns} 0-1

[Event "ICS Rated blitz match"]
[Site "204.178.125.65"]
[Date "1999.08.25"]
[Round "?"]
[White "schimpf"]
[Black "Hossa"]
[Result "1/2-1/2"]
[WhiteElo "2360"]
[BlackElo "2402"]
[PlyCount "157"]

1. Nf3 d6 2. g3 e5 3. Bg2 e4 4. Nd4 d5 5. e3 Bb4 6. O-O Nf6 7. b3 c5 8. Ne2 Bg4
9. d3 O-O 10. Bd2 Nc6 11. a3 Ba5 12. Bxa5 Qxa5 13. Re1 Ne5 14. d4 Nf3+ 15. Bxf3
Bxf3 16. Nd2 Bxe2 17. Rxe2 cxd4 18. exd4 Qc3 19. Nf1 Rac8 20. Ne3 a6 21. Qe1
Qxd4 22. Rd1 Qc5 23. Red2 Qxa3 24. Qe2 Qb2 25. c4 Qxb3 26. cxd5 b5 27. d6 Qe6
28. Ng2 Rfd8 29. Nf4 Qd7 30. Nh5 Nxh5 31. Qxh5 f5 32. g4 Rf8 33. Rd5 fxg4 34.
Re5 Qa7 35. Qh4 Rc2 36. Re7 Qxf2+ 37. Qxf2 Rfxf2 38. d7 Rg2+ 39. Kh1 Rxh2+ 40.
Kg1 Rcg2+ 41. Kf1 Rh1+ 42. Kxg2 Rxd1 43. Re8+ Kf7 44. d8=Q Rxd8 45. Rxd8 e3 46.
Rd3 e2 47. Kf2 h5 48. Kxe2 g5 49. Rd5 Kf6 50. Rd6+ Kf5 51. Rxa6 g3 52. Rb6 Kf4
53. Rxb5 Kg4 54. Kf1 h4 55. Rb4+ Kf5 56. Kg1 h3 57. Rb3 Kf4 58. Rb4+ Kf5 59.
Rb3 Kf4 60. Rb4+ Kf5 61. Rb5+ Kf4 62. Rb3 g4 63. Rb4+ Kf3 64. Rb3+ Kf4 65. Rb4+
Kf3 66. Rb5 g2 67. Rb3+ Kf4 68. Rb4+ Kf5 69. Rb3 Kf4 70. Rb4+ Kf5 71. Rb3 Kf4
72. Kh2 Ke4 73. Rg3 Kf4 74. Rxg2 hxg2 75. Kxg2 g3 76. Kg1 Ke5 77. Kf1 Kd5 78.
Kg2 Ke5 79. Kxg3 {Game drawn because neither player has mating material}
1/2-1/2

[Event "ICS Rated blitz match"]
[Site "204.178.125.65"]
[Date "1999.08.25"]
[Round "?"]
[White "lakerda"]
[Black "Hossa"]
[Result "1-0"]
[WhiteElo "2250"]
[BlackElo "2403"]
[PlyCount "39"]

1. d4 Nf6 2. e3 c5 3. Bd3 d5 4. c3 Nc6 5. f4 cxd4 6. exd4 Bg4 7. Ne2 e6 8. O-O
Bd6 9. h3 Bxe2 10. Qxe2 O-O 11. Nd2 Qe7 12. Nf3 Rac8 13. Ne5 Rc7 14. g4 Nd7 15.
g5 f6 16. Bxh7+ Kxh7 17. Qh5+ Kg8 18. g6 Rb8 19. Qh7+ Kf8 20. Qh8# {
Hossa checkmated} 1-0

[Event "ICS Rated blitz match"]
[Site "204.178.125.65"]
[Date "1999.08.25"]
[Round "?"]
[White "Hossa"]
[Black "lakerda"]
[Result "1-0"]
[WhiteElo "2380"]
[BlackElo "2273"]
[PlyCount "115"]

1. d4 Nf6 2. c4 g6 3. Nf3 Bg7 4. g3 O-O 5. Bg2 d6 6. O-O Bg4 7. Ng5 c6 8. f3
Bc8 9. e4 h6 10. Nh3 e5 11. Be3 Qc7 12. Qd2 Kh7 13. Nc3 Nbd7 14. Rad1 Re8 15.
dxe5 dxe5 16. b3 Nf8 17. Nf2 Ne6 18. Qc1 Nd7 19. Rfe1 Ndc5 20. Qa3 b6 21. Rd2
Nd4 22. Red1 a5 23. Ne2 Nce6 24. Nc3 Bb7 25. Ng4 Rad8 26. Qc1 Bc8 27. Bxh6 Bxh6
28. Nxh6 Kxh6 29. Rxd4+ Kg7 30. R4d3 Rxd3 31. Rxd3 Rd8 32. Rxd8 Qxd8 33. Kh1
Qd4 34. Nd1 Nc5 35. Qc2 Be6 36. Nc3 Nd3 37. h4 f5 38. exf5 gxf5 39. Kh2 Ne1 40.
Qb2 Nd3 41. Qd2 f4 42. g4 a4 43. Nxa4 b5 44. cxb5 cxb5 45. Nc3 b4 46. Ne4 Qc3
47. Nxc3 bxc3 48. Qxd3 Kf6 49. Qd8+ Kf7 50. g5 c2 51. Qf6+ Ke8 52. Qxe6+ Kd8
53. Bh3 Kc7 54. Qxe5+ Kb6 55. Qxf4 Kb5 56. Qd6 Ka5 57. Qc5+ Ka6 58. Bc8# {
lakerda checkmated} 1-0

[Event "ICS Rated blitz match"]
[Site "204.178.125.65"]
[Date "1999.08.25"]
[Round "?"]
[White "lakerda"]
[Black "Hossa"]
[Result "0-1"]
[WhiteElo "2262"]
[BlackElo "2391"]
[PlyCount "54"]

1. d4 Nf6 2. e3 d5 3. Bd3 c5 4. c3 Nc6 5. f4 cxd4 6. exd4 Bg4 7. Ne2 e6 8. O-O
Bd6 9. h3 Bh5 10. Nd2 O-O 11. Nf3 Rc8 12. Ne5 Ne4 13. Bxe4 dxe4 14. g4 Bg6 15.
Ng3 Qh4 16. Kh2 f5 17. g5 Bxe5 18. dxe5 Rcd8 19. Qe2 Ne7 20. Qf2 Rd3 21. Be3
Nd5 22. Rae1 Rd8 23. c4 Nxe3 24. Rxe3 Rxe3 25. Qxe3 Rd3 26. Qf2 e3 27. Qe2
27... Rd2 {lakerda resigns} 0-1

[Event "ICS Rated blitz match"]
[Site "204.178.125.65"]
[Date "1999.08.25"]
[Round "?"]
[White "Hossa"]
[Black "lakerda"]
[Result "1-0"]
[WhiteElo "2401"]
[BlackElo "2252"]
[PlyCount "153"]

1. d4 Nf6 2. c4 g6 3. Nc3 Bg7 4. e4 d6 5. f3 e5 6. dxe5 dxe5 7. Qxd8+ Kxd8 8.
Be3 c6 9. Rd1+ Kc7 10. Bd3 Nbd7 11. Nh3 h6 12. O-O Nf8 13. Nf2 Ne6 14. Rd2 Nd7
15. Rfd1 Ndf8 16. b4 Nd4 17. b5 Nfe6 18. bxc6 bxc6 19. Nh1 Rd8 20. Ng3 Ba6 21.
Kh1 Nc5 22. Bf1 Rab8 23. Rf2 g5 24. Nh5 Bh8 25. f4 exf4 26. Nxf4 gxf4 27. Bxf4+
Kb7 28. Bxb8 Kxb8 29. Rxf7 Be5 30. Rb1+ Ka8 31. Re7 Nde6 32. Na4 Bd4 33. Nxc5
Nxc5 34. a3 Na4 35. Rh7 c5 36. Rxh6 Nb6 37. a4 Bxc4 38. Bxc4 Nxc4 39. Rh3 Rb8
40. Rxb8+ Kxb8 41. Rg3 Kc7 42. Rf3 Kd6 43. Rf7 a5 44. Rb7 Ke5 45. Re7+ Kf4 46.
g3+ Ke3 47. Kg2 Ne5 48. Ra7 Bc3 49. Rc7 Bb4 50. h3 c4 51. g4 c3 52. Kg3 Kd4 53.
Kf4 Nc4 54. Rd7+ Kc5 55. Rd5+ Kc6 56. Rd4 Kc5 57. Rd5+ Kc6 58. Rd4 Nb6 59. Rd1
Nxa4 60. Rf1 Nb2 61. e5 Nd3+ 62. Ke4 c2 63. Kxd3 c1=Q 64. Rxc1+ Kd5 65. Rb1
Kxe5 66. Rxb4 axb4 67. Kc4 Kf4 68. Kxb4 Kg3 69. g5 Kxh3 70. g6 Kg4 71. g7 Kf5
72. g8=Q Ke4 73. Qg5 Kd3 74. Qg4 Ke3 75. Kc3 Kf2 76. Kd3 Ke1 77. Qg1# {
lakerda checkmated} 1-0

[Event "ICS Rated blitz match"]
[Site "204.178.125.65"]
[Date "1999.08.25"]
[Round "?"]
[White "DanZ"]
[Black "Hossa"]
[Result "1/2-1/2"]
[WhiteElo "2176"]
[BlackElo "2411"]
[PlyCount "95"]

1. d4 Nf6 2. Nf3 g6 3. g3 d5 4. Bg2 Bg7 5. O-O O-O 6. c4 dxc4 7. Na3 c5 8. dxc5
c3 9. Qc2 cxb2 10. Bxb2 Bf5 11. Qc3 Nbd7 12. Rfd1 Qc7 13. Rac1 e5 14. Nh4 Be4
15. f3 Bd5 16. e4 Bxa2 17. Nb5 Qc6 18. Nd6 Rfd8 19. f4 exf4 20. e5 Nd5 21. Qa3
fxg3 22. hxg3 Bh6 23. Rc2 Be3+ 24. Kh2 g5 25. Nhf5 Qa6 26. Qxa6 bxa6 27. Bxd5
Bxd5 28. Ne7+ Kf8 29. Nxd5 Bxc5 30. Nc7 Bxd6 31. Nxa8 Bb4 32. Rc7 Ke8 33. Rxa7
Bc5 34. Rb7 Ke7 35. Nb6 Bxb6 36. Rdxd7+ Rxd7 37. Rxb6 Ke8 38. Kh3 a5 39. Ra6
Rd5 40. Bc3 Rc5 41. Bd2 Rxe5 42. Rxa5 Rxa5 43. Bxa5 f5 44. Bd2 f4 45. gxf4 gxf4
46. Bxf4 h5 47. Kh4 Kf7 48. Kxh5 {
Game drawn because neither player has mating material} 1/2-1/2

[Event "ICS Rated blitz match"]
[Site "204.178.125.65"]
[Date "1999.08.25"]
[Round "?"]
[White "Hossa"]
[Black "Nimzovik"]
[Result "1-0"]
[WhiteElo "2402"]
[BlackElo "2037"]
[PlyCount "28"]

1. d4 f5 2. c4 Nf6 3. Nc3 g6 4. f3 Bg7 5. Bg5 d6 6. Rc1 Nh5 7. e4 h6 8. Bh4 g5
9. Bf2 f4 10. h4 e5 11. c5 Qe7 12. Nd5 Qf7 13. cxd6 c6 14. Nc7+ 14... Kf8 {
Nimzovik resigns} 1-0

[Event "ICS Rated blitz match"]
[Site "204.178.125.65"]
[Date "1999.08.25"]
[Round "?"]
[White "heatstroke"]
[Black "Hossa"]
[Result "1-0"]
[WhiteElo "2866"]
[BlackElo "2405"]
[PlyCount "107"]

1. d4 Nf6 2. Bg5 Ne4 3. Bf4 c5 4. f3 Qa5+ 5. c3 Nf6 6. Nd2 cxd4 7. Nb3 Qf5 8.
Bxb8 Rxb8 9. Qxd4 d5 10. Qxa7 Qe5 11. Qb6 e6 12. e3 Be7 13. Bb5+ Bd7 14. Ne2
Bd8 15. Qc5 Be7 16. Qd4 Qc7 17. Bxd7+ Qxd7 18. O-O Qc7 19. Rfd1 O-O 20. a4 e5
21. Qd3 Qb6 22. Nec1 Ra8 23. a5 Qa7 24. Ne2 Bc5 25. Nxc5 Qxc5 26. b4 Qc6 27.
Qf5 Qc4 28. Rd2 Rfe8 29. Rad1 Qh4 30. g3 Qc4 31. g4 h6 32. Kg2 Rac8 33. Kf2 Qa6
34. Rg1 g6 35. Qb1 Rc4 36. Qb3 Qe6 37. Rgd1 Rec8 38. h3 Qa6 39. Re1 Qa7 40. Ra1
R8c7 41. b5 Qc5 42. b6 Rc8 43. a6 bxa6 44. Rxa6 Rb8 45. b7 Nd7 46. Ra8 f6 47.
Qd1 Qb5 48. Rxd5 Qxb7 49. Rxd7 Qxa8 50. Qd6 Rf4 51. exf4 Qxf3+ 52. Kxf3 Re8 53.
Qxf6 Re6 54. Qg7# {Hossa checkmated} 1-0